[Event "Girona-ch 6th"]
[Site "Girona"]
[Date "2018.07.15"]
[Round "2.1"]
[White "Camprubi Juanola, Jaume"]
[Black "Terry Cuellar, Luis Antonio"]
[Result "0-1"]
[WhiteElo "1536"]
[BlackElo "2171"]
[PlyCount "60"]
[EventDate "2018.07.15"]
[EventType "swiss"]
[EventRounds "8"]
[EventCountry "ESP"]
[SourceTitle "EXT 2024"]
[Source "ChessBase"]
[SourceDate "2023.10.10"]
[SourceVersion "1"]
[SourceVersionDate "2023.10.10"]
[SourceQuality "1"]

1. e4 d6 2. d4 Nf6 3. Nc3 e5 4. dxe5 dxe5 5. Qxd8+ Kxd8 6. Nf3 Bd6 7. Bc4 Be6 8. Bxe6 fxe6 9. Ng5 Ke7 10. 0-0 a6 11. a4 h6 12. Nf3 Nc6 13. Be3 Ng4 14. Bd2 Bb4 15. Rfd1 Raf8 16. Ne2 Bc5 17. Rf1 g5 18. Bc3 Nxf2 19. b4 Be3 20. Bd2 Bxd2 21. Nxd2 Ng4 22. b5 axb5 23. axb5 Rxf1+ 24. Rxf1 Nd4 25. Nc3 Ne3 26. Ra1 Ndxc2 27. Ra7 Rb8 28. Nb3 g4 29. Nc5 Rf8 30. h3 g3 0-1